000 00564nam a2200181Ia 4500
005 20250519023517.0
008 240331s9999 xx 000 0 und d
020 _a9789551772512
082 _bUYA
_a301
100 _aUyangoda, J
245 0 _aSamajeeya - Manaveeya Vidya Paryeshana :
_bDhrshanika Saha Kremavedi Hedinveemak
260 _aColombo
_bSocial Scientist Association
_c2010
300 _a386 p .,
650 _aSociology - Research Methods
650 _aAnthropology - Research Methods
650 _aPolitical Science - Research Methods
942 _cL
999 _c5748
_d5748